000 00676nam a2200229 a 4500
999 _c590
_d590
008 190923s2011 ii ||||g |||| 00| 0 eng d
020 _a9789327211160
_cRs. 150.00
040 _aKO
_beng
041 0 _aeng
044 _aii
082 0 4 _223
_a515
_bP644
100 1 _aPillay, Janardhanan
245 1 0 _aCalculus :
_b(Core Course) /
_cJanardhanan Pillay, V. G. Vijayalakshmy
260 _aNoida :
_bKalyani Publishers,
_c2011
300 _a341p. ;
_c21.5 cm.
650 0 _aCalculus
_xDifferential calculus
_vTextbooks
650 0 _aDifferential equations
_xCalculus, Integral
_vTextbooks
700 1 _aVijayalakshmy, V. G.
_eaut
904 _aS_JOY
942 _cBK